00766cam a22002297i 4500020001800000020001500018040000800033082002600041100002800067245005000095250000800145300007600153500002800229500002000257650002300277650002300300650002400323700002300347942001000370999001700380952013900397 a9781319079451 a1319079458 cYDX04a547 VOL 2018 A006 Or.1 aVollhardt, K. Peter C.,10aOrganic chemistry :bstructure and function / a8e. axxxii, 1335, A-73, I-24 pages :billustrations (chiefly color) ;c29 cm aPrevious edition: 2014. aIncludes index. 0aChemistry, Organic 0aChemistry, Organic 7aChemistry, Organic.1 aSchore, Neil Eric, cAEDBB c20767d20767 0010406547_000000000000000_VOL_2018_A035_OR70992272aLBAbLBAcA035d2022-11-25o547 VOL 2018 A035 Or.pa070218r2022-11-25yAEDBB